| 000 | 00902nam a2200289 i 4500 | ||
|---|---|---|---|
| 001 | bg | ||
| 003 | BPK | ||
| 005 | 20221201141349.0 | ||
| 008 | 090713s2004 pl a |001 0 pol | ||
| 015 | _aPB 12797/2007 | ||
| 020 | _a8373500480 | ||
| 040 | _cBPK | ||
| 080 | _a51 | ||
| 080 | _a(083) | ||
| 080 | _a(075.2/.3) | ||
| 245 | 0 | 0 |
_aTablice matematyczne / _c[pod red. Witolda Mizerskiego ; oprac. Witold Mizerski et al.]. |
| 250 | _aWyd. 7. | ||
| 260 |
_aWarszawa : _bWydawnictwo Adamantan, _c2004. |
||
| 300 |
_a407 s. : _bil. ; _c21 cm. |
||
| 504 | _aBibliogr. s. 406-407. Indeks. | ||
| 650 | 4 | _aMatematyka | |
| 655 | 4 | _aTablice matematyczne | |
| 655 | 4 | _aMateriały pomocnicze dla szkół | |
| 700 | 1 |
_aMizerski, Witold _eRedakcja |
|
| 856 |
_uhttp://koha.tu.koszalin.pl/cgi-bin/koha/opac-detail.pl?biblionumber=56487 _yKatalog online BPK |
||
| 942 |
_cKS _2UKD |
||
| 999 |
_c56487 _d56487 |
||